Books Known by Partial Titles Quiz Stats

Quiz not verified by Sporcle

Challenge
Share
Tweet
Embed
Score 0/8 Timer 05:00
0 Plays Today
Abbreviated Title Rest of Title % Correct
Tom SawyerThe Adventures of Tom Sawyer
89.6%
Huck FinnThe Adventures of Huckleberry Finn
70.8%
Alice in WonderlandAlice's Adventures in Wonderland
64.6%
The HobbitThe Hobbit, Or There and Back Again
58.3%
The Wizard of OzThe Wonderful Wizard of Oz
54.8%
FrankensteinFrankenstein; Or, The Modern Prometheus
50%
Moby DickMoby Dick: Or the Whale
25%
Through the Looking-GlassThrough the Looking-Glass, and What Alice Found There
25%

You're not logged in!

Compare scores with friends on all Sporcle quizzes.
Join for Free
OR
Log In

You Might Also Like...

Show Comments

Extras

Created Nov 25, 2012ReportNominate
Tags:Novel Quiz, shortened

Top Quizzes Today


Score Distribution

Your Account Isn't Verified!

In order to create a playlist on Sporcle, you need to verify the email address you used during registration. Go to your Sporcle Settings to finish the process.

Report this User

Report this user for behavior that violates our Community Guidelines.

Details: